LEADER 01109nam0 22002653i 450 001 996257249603316 005 20180605122218.0 100 $a19910930d1936----||||0itac50 ba 101 $aita 102 $aIT 200 1 $aFrancesco Savioni e l'Austriacantismo Napoletano negli ultimi anni della dominazione Spagnuola$enotizie e documenti a illustrazione d'un passo del De Parthenopea Coniuratione di Giambattista Vico$fFausto Nicolini 210 $aNapoli$cRicciardi$d1936 215 $a64 p.$d26 cm 300 $aEstratto dal volume LVII degli Atti dell'Accademia di scienze morali e politiche della Società Reale di Napoli . 600 1$aSavioni, Francesco$2BNCF 604 1$aVico, Giambattista$tDe parthenopea coniuratione$2BNCF 700 1$aNICOLINI,$bFausto$f<1879-1965>$037039 702 1$aVICO,$bGiambattista 801 0$aIT$bsalbc$gISBD 912 $a996257249603316 951 $aXV.14.A. 456$b262807 L.M.$cXV.14.A$d412551 959 $aBK 969 $aFVIG 996 $aFrancesco Savioni e l'Austriacantismo Napoletano negli ultimi anni della dominazione Spagnuola$91518335 997 $aUNISA